000 00508nam a22001937a 4500
005 20260309154804.0
008 260309b |||||||| |||| 00| 0 eng d
037 _cDSWL
040 _aDSWL
_cDSWL
041 _heng
084 _aYX Q5
100 _aSiddiqui, H Y
245 _aSocial work and human relations
260 _aNew Delhi,
_bRawat Publication,
_c2015
300 _a257p
365 _aINR
_b850
942 _2CC
_cTEXL
_hYX Q5
_n0
999 _c1714994
_d1714994